Home front . (Record no. 60793)
[ view plain ]
| 000 -LEADER | |
|---|---|
| fixed length control field | 00597cam a2200169 4500 |
| 001 - CONTROL NUMBER | |
| control field | ABS61108 |
| 008 - FIXED-LENGTH DATA ELEMENTS--GENERAL INFORMATION | |
| fixed length control field | 000000n 000 0 eng u |
| 035 ## - SYSTEM CONTROL NUMBER | |
| System control number | (Sirsi) u101665 |
| 100 ## - MAIN ENTRY--PERSONAL NAME | |
| Personal name | Roskrow, B. |
| 245 ## - TITLE STATEMENT | |
| Title | Home front . |
| 490 ## - SERIES STATEMENT | |
| Series statement | Building Trade and Industry |
| Volume/sequential designation | 15(8) August 1999, 11-18(6) |
| 520 ## - SUMMARY, ETC. | |
| Summary, etc. | A feature on the housebuilding industry, including articles on urban development and companies such as Surebuild and Ty Homes who are leading the way in new housing techniques. |
| 650 ## - SUBJECT ADDED ENTRY--TOPICAL TERM | |
| Topical term or geographic name entry element | URBAN DEVELOPMENT |
| 690 ## - LOCAL SUBJECT ADDED ENTRY--TOPICAL TERM (OCLC, RLIN) | |
| Topical term or geographic name as entry element | HOUSING-DEVELOPMENT |
| 700 ## - ADDED ENTRY--PERSONAL NAME | |
| Personal name | Faulkner, G. |
| 942 ## - ADDED ENTRY ELEMENTS (KOHA) | |
| Suppress in OPAC | 0 |
| Withdrawn status | Lost status | Source of classification or shelving scheme | Damaged status | Not for loan | Home library | Current library | Shelving location | Date acquired | Total Checkouts | Full call number | Barcode | Date last seen | Copy number | Price effective from | Koha item type |
|---|---|---|---|---|---|---|---|---|---|---|---|---|---|---|---|
| Dewey Decimal Classification | London | London | Journal article | 09/11/1999 | ABS61108 | 101665-1001 | 06/08/2019 | 1 | 06/08/2019 | Journal article |